[Event "FIN-chT 1415"]
[Site "Finland"]
[Date "2014.10.19"]
[Round "4.2"]
[White "Heinola, Vesa Pekka"]
[Black "Lehtinen, Heikki"]
[Result "1/2-1/2"]
[WhiteElo "2226"]
[BlackElo "2392"]
[PlyCount "69"]
[EventDate "2014.09.27"]
[EventType "team-tourn"]
[EventRounds "11"]
[EventCountry "FIN"]
[SourceTitle "EXT 2016"]
[Source "ChessBase"]
[SourceDate "2015.10.08"]
[SourceVersion "1"]
[SourceVersionDate "2015.10.08"]
[SourceQuality "1"]
[WhiteTeam "Helsinki HSK"]
[BlackTeam "Tampere Tammer"]
[WhiteTeamCountry "FIN"]
[BlackTeamCountry "FIN"]

1. d4 d6 2. e4 Nf6 3. Nc3 g6 4. h3 Bg7 5. Be3 0-0 6. g4 e5 7. d5 c6 8. Bg2 cxd5 9. Nxd5 Nxd5 10. Qxd5 Nc6 11. Ne2 Nd4 12. Nxd4 exd4 13. Bf4 Qb6 14. Qb3 Qa5+ 15. Bd2 Qc7 16. Rc1 Be6 17. Qg3 Bc4 18. b3 Ba6 19. Bf1 Qc6 20. Bd3 d5 21. e5 Bxe5 22. f4 Bg7 23. 0-0 f5 24. gxf5 gxf5 25. Kh2 Rae8 26. Rg1 Rf7 27. Rg2 Bxd3 28. cxd3 Qd7 29. Qf2 Kh8 30. Rcg1 Bf6 31. Bc1 Rg7 32. Bb2 Rxg2+ 33. Rxg2 Rg8 34. Rxg8+ Kxg8 35. Bxd4 1/2-1/2

[Event "FIN-chT 1314"]
[Site "Finland"]
[Date "2014.03.08"]
[Round "10.4"]
[White "Halmeenmaki, Tuomo"]
[Black "Lehtinen, Heikki"]
[Result "1/2-1/2"]
[WhiteElo "2167"]
[BlackElo "2419"]
[PlyCount "43"]
[EventDate "2013.09.21"]
[EventType "team-tourn"]
[EventRounds "11"]
[EventCountry "FIN"]
[SourceTitle "EXT 2015"]
[Source "ChessBase"]
[SourceDate "2014.11.20"]
[SourceVersion "1"]
[SourceVersionDate "2014.11.20"]
[SourceQuality "1"]
[WhiteTeam "Helsinki Aatos"]
[BlackTeam "Tampere Tammer"]
[WhiteTeamCountry "FIN"]
[BlackTeamCountry "FIN"]

1. Nf3 g6 2. g3 Bg7 3. Bg2 e5 4. 0-0 Ne7 5. d3 0-0 6. e4 c5 7. c3 Nbc6 8. Nbd2 h6 9. a3 a5 10. a4 f5 11. Qb3+ Kh7 12. Nc4 d6 13. Nb6 Rb8 14. Nxc8 Qxc8 15. exf5 gxf5 16. Nd2 Ng6 17. Nc4 f4 18. Qd1 Qe6 19. Qh5 Rf6 20. Nb6 Nce7 21. Bh3 Nf5 22. c4 1/2-1/2

[Event "FIN-chT 1314"]
[Site "Finland"]
[Date "2013.11.03"]
[Round "6.2"]
[White "Lehtinen, Heikki"]
[Black "Sklyarov, Dmitry V"]
[Result "1/2-1/2"]
[WhiteElo "2419"]
[BlackElo "2424"]
[PlyCount "56"]
[EventDate "2013.09.21"]
[EventType "team-tourn"]
[EventRounds "11"]
[EventCountry "FIN"]
[SourceTitle "EXT 2014"]
[Source "ChessBase"]
[SourceDate "2013.11.20"]
[SourceVersion "1"]
[SourceVersionDate "2013.11.20"]
[SourceQuality "1"]
[WhiteTeam "Tampere Tammer"]
[BlackTeam "Joensuu SK"]
[WhiteTeamCountry "FIN"]
[BlackTeamCountry "FIN"]

1. c4 Nf6 2. Nc3 g6 3. Nf3 Bg7 4. e4 d6 5. d4 0-0 6. Be2 e5 7. Be3 exd4 8. Nxd4 Re8 9. f3 c6 10. Bf2 d5 11. exd5 cxd5 12. 0-0 Nc6 13. c5 Nh5 14. Bb5 Bd7 15. Qd2 Be5 16. g3 Rc8 17. Rad1 Nf6 18. a3 a6 19. Ba4 Na5 20. b4 Nc4 21. Qa2 b6 22. Bxd7 Qxd7 23. Nde2 Bxc3 24. Nxc3 Ne3 25. Bxe3 Rxe3 26. Qd2 Rce8 27. Qd4 Qc6 28. Nxd5 Nxd5 1/2-1/2

[Event "FIN-chT 1213"]
[Site "Finland"]
[Date "2013.01.13"]
[Round "9.4"]
[White "Lehtinen, Heikki"]
[Black "Rantanen, Yrjo A"]
[Result "1-0"]
[WhiteElo "2408"]
[BlackElo "2355"]
[PlyCount "47"]
[EventDate "2012.09.28"]
[EventType "team-tourn"]
[EventRounds "11"]
[EventCountry "FIN"]
[SourceTitle "EXT 2014"]
[Source "ChessBase"]
[SourceDate "2013.11.20"]
[SourceVersion "1"]
[SourceVersionDate "2013.11.20"]
[SourceQuality "1"]
[WhiteTeam "Tammer Shakki"]
[BlackTeam "Salo SK"]
[WhiteTeamCountry "FIN"]
[BlackTeamCountry "FIN"]

1. Nf3 c5 2. b3 d5 3. Bb2 f6 4. e3 e5 5. Bb5+ Bd7 6. Bxd7+ Qxd7 7. 0-0 Nc6 8. c4 dxc4 9. bxc4 e4 10. Ne1 0-0-0 11. Nc3 f5 12. d3 Nf6 13. Qa4 Qe6 14. Rd1 Bd6 15. g3 Ng4 16. Nd5 Qh6 17. h4 Bxg3 18. fxg3 Rxd5 19. cxd5 Qxe3+ 20. Kh1 Qe2 21. Ng2 Nb4 22. Qxa7 Nxd3 23. Rb1 Qc2 24. Qa8+ 1-0

[Event "FIN-chT 1213"]
[Site "Finland"]
[Date "2012.11.17"]
[Round "6.5"]
[White "Makinen, Ilkka"]
[Black "Lehtinen, Heikki"]
[Result "0-1"]
[WhiteElo "2123"]
[BlackElo "2408"]
[PlyCount "38"]
[EventDate "2012.09.28"]
[EventType "team-tourn"]
[EventRounds "11"]
[EventCountry "FIN"]
[SourceTitle "CBM 151 Extra"]
[Source "ChessBase"]
[SourceDate "2012.12.18"]
[SourceVersion "1"]
[SourceVersionDate "2012.12.18"]
[SourceQuality "1"]
[WhiteTeam "Helsinki HSK"]
[BlackTeam "Tammer Shakki"]
[WhiteTeamCountry "FIN"]
[BlackTeamCountry "FIN"]

1. e4 d5 2. exd5 Nf6 3. d4 Nxd5 4. c4 Nb6 5. Nc3 g6 6. Be3 Bg7 7. Qd2 Nc6 8. Rd1 0-0 9. Be2 e5 10. Nf3 Bg4 11. c5 Bxf3 12. gxf3 exd4 13. cxb6 axb6 14. Qc1 Qc8 15. Nd5 dxe3 16. Qxe3 Rxa2 17. Bc4 Rxb2 18. 0-0 b5 19. Bb3 Re8 0-1

[Event "FIN-chT 1112"]
[Site "Finland"]
[Date "2012.02.11"]
[Round "8.4"]
[White "Lehtinen, Heikki"]
[Black "Maki Uuro, Miika"]
[Result "1/2-1/2"]
[WhiteElo "2401"]
[BlackElo "2323"]
[PlyCount "35"]
[EventDate "2011.09.17"]
[EventType "team-tourn"]
[EventRounds "11"]
[EventCountry "FIN"]
[SourceTitle "EXT 2013"]
[Source "ChessBase"]
[SourceDate "2012.11.22"]
[SourceVersion "1"]
[SourceVersionDate "2012.11.22"]
[SourceQuality "1"]
[WhiteTeam "Tampere"]
[BlackTeam "Espoo"]
[WhiteTeamCountry "FIN"]
[BlackTeamCountry "FIN"]

1. c4 c6 2. Nf3 d5 3. e3 Nf6 4. Nc3 Bg4 5. Qb3 Qb6 6. Qxb6 axb6 7. cxd5 Bxf3 8. gxf3 Nxd5 9. d4 e6 10. Bd2 Nd7 11. f4 Be7 12. Bg2 g6 13. Ke2 b5 14. a4 bxa4 15. Nxa4 0-0-0 16. Nc3 N7b6 17. Rhc1 f5 18. Ke1 1/2-1/2

[Event "FIN-chT 1112"]
[Site "Finland"]
[Date "2011.11.20"]
[Round "6.4"]
[White "Lehtinen, Heikki"]
[Black "Westerinen, Heikki MJ"]
[Result "1-0"]
[WhiteElo "2401"]
[BlackElo "2340"]
[PlyCount "137"]
[EventDate "2011.09.17"]
[EventType "team-tourn"]
[EventRounds "11"]
[EventCountry "FIN"]
[SourceTitle "EXT 2013"]
[Source "ChessBase"]
[SourceDate "2012.11.22"]
[SourceVersion "1"]
[SourceVersionDate "2012.11.22"]
[SourceQuality "1"]
[WhiteTeam "Tampere"]
[BlackTeam "Salo SK"]
[WhiteTeamCountry "FIN"]
[BlackTeamCountry "FIN"]

1. Nf3 d6 2. d4 Nd7 3. e4 c6 4. a4 Ngf6 5. Bd3 g6 6. Bf4 Bg7 7. Qd2 0-0 8. Na3 e5 9. dxe5 dxe5 10. Bg5 Nc5 11. Nc4 Qc7 12. Qe2 Ne6 13. 0-0 Nxg5 14. Nxg5 Nh5 15. g3 h6 16. Nf3 Bh3 17. Rfd1 Rae8 18. Nh4 Qe7 19. Ng2 Qg5 20. f3 Rd8 21. Qe3 Qxe3+ 22. Ngxe3 Rd7 23. Na5 Rc8 24. Bf1 Rxd1 25. Rxd1 Bxf1 26. Kxf1 b6 27. Nac4 Nf6 28. Rd6 Kf8 29. Nxe5 Nxe4 30. Rxc6 Rd8 31. Nd3 Ng5 32. f4 Nf3 33. Rc7 Bd4 34. Ng4 h5 35. Nge5 Bxe5 36. Nxe5 Nxe5 37. fxe5 Rd2 38. h3 a5 39. Ke1 Rd5 40. Rc6 Rxe5+ 41. Kf2 b5 42. axb5 Rxb5 43. b3 Rf5+ 44. Ke3 Rg5 45. Kf4 Rf5+ 46. Ke4 Rg5 47. Rc3 Ke7 48. Rf3 Rc5 49. c4 f5+ 50. Kd4 Kd6 51. Re3 Rc8 52. Re5 Rb8 53. Rxa5 Rxb3 54. Ra6+ Kc7 55. Rxg6 h4 56. g4 fxg4 57. hxg4 h3 58. Ke5 Rc3 59. Rg7+ Kc6 60. Rh7 Rxc4 61. g5 Rg4 62. Kf5 Rg3 63. Kf4 Rd3 64. g6 Rd4+ 65. Kf5 Rd3 66. Ke6 Rg3 67. g7 h2 68. Kf7 Rf3+ 69. Kg8 1-0

[Event "FIN-chT 1112"]
[Site "Finland"]
[Date "2011.09.18"]
[Round "2.4"]
[White "Lehtinen, Heikki"]
[Black "Vinke, Dietmar"]
[Result "1-0"]
[WhiteElo "2401"]
[BlackElo "2218"]
[PlyCount "53"]
[EventDate "2011.09.17"]
[EventType "team-tourn"]
[EventRounds "11"]
[EventCountry "FIN"]
[SourceTitle "CBM 144 Extra"]
[Source "ChessBase"]
[SourceDate "2011.10.28"]
[SourceVersion "1"]
[SourceVersionDate "2011.10.28"]
[SourceQuality "1"]
[WhiteTeam "Tampere"]
[BlackTeam "Oulu OSS"]
[WhiteTeamCountry "FIN"]
[BlackTeamCountry "FIN"]

1. c4 e5 2. g3 Nc6 3. Bg2 g6 4. Nc3 Bg7 5. e4 d6 6. d3 Be6 7. Nge2 Qd7 8. Nd5 Nce7 9. d4 c6 10. Nxe7 Nxe7 11. d5 Bh3 12. 0-0 Bxg2 13. Kxg2 0-0 14. Be3 f5 15. f3 fxe4 16. fxe4 Rxf1 17. Qxf1 cxd5 18. cxd5 Qb5 19. Bg5 Rf8 20. Qd1 Nc8 21. Qd2 Qd7 22. Nc3 Qg4 23. Be3 h5 24. Qe2 Qxe2+ 25. Nxe2 Bf6 26. Rc1 Rd8 27. Rc7 1-0

[Event "FIN-chT 1011"]
[Site "Finland"]
[Date "2010.11.20"]
[Round "4.4"]
[White "Lehtinen, Heikki"]
[Black "Laine, Panu"]
[Result "1-0"]
[WhiteElo "2400"]
[BlackElo "2204"]
[PlyCount "69"]
[EventDate "2010.09.18"]
[EventType "team-tourn"]
[EventRounds "9"]
[EventCountry "FIN"]
[SourceTitle "EXT 2012"]
[Source "ChessBase"]
[SourceDate "2011.11.24"]
[SourceVersion "1"]
[SourceVersionDate "2011.11.24"]
[SourceQuality "1"]
[WhiteTeam "Tammer Shakki"]
[BlackTeam "Mat SK II"]
[WhiteTeamCountry "FIN"]
[BlackTeamCountry "FIN"]

1. d4 e6 2. Nf3 d5 3. c4 f5 4. Bf4 Nf6 5. e3 Be7 6. Bd3 0-0 7. Nc3 c6 8. Qc2 Ne4 9. g4 Kh8 10. 0-0-0 Na6 11. a3 Qa5 12. Nb1 dxc4 13. Bxe4 fxe4 14. Ne5 Qd8 15. Qxe4 Nb8 16. h4 Nd7 17. g5 Nxe5 18. dxe5 Qc7 19. g6 Bd7 20. h5 Be8 21. Rdg1 Rf5 22. Qxc4 Qd7 23. Rd1 Qc8 24. Nd2 b5 25. Qe2 c5 26. Ne4 Bc6 27. f3 Qf8 28. h6 Rxf4 29. hxg7+ Kxg7 30. Rxh7+ Kxg6 31. Qh2 Rh4 32. Rxh4 Bxh4 33. Qxh4 Qh8 34. Rg1+ Kf7 35. Nd6+ 1-0

[Event "FIN-chT 0809"]
[Site "Finland"]
[Date "2009.03.14"]
[Round "8.4"]
[White "Lehtinen, Heikki"]
[Black "Valkesalmi, Kimmo"]
[Result "1/2-1/2"]
[WhiteElo "2381"]
[BlackElo "2353"]
[PlyCount "50"]
[EventDate "2008.09.06"]
[EventType "team-tourn"]
[EventRounds "9"]
[EventCountry "FIN"]
[SourceTitle "EXT 2022"]
[Source "ChessBase"]
[SourceDate "2021.10.06"]
[SourceVersion "1"]
[SourceVersionDate "2021.10.06"]
[SourceQuality "1"]
[WhiteTeam "Tampere Tammer"]
[BlackTeam "Vantaa EtVaS"]
[WhiteTeamCountry "FIN"]
[BlackTeamCountry "FIN"]

1. d4 d5 2. c4 e6 3. Nc3 f5 4. Bf4 c6 5. e3 Nf6 6. Bd3 Be7 7. Nge2 0-0 8. h3 Ne4 9. f3 Nxc3 10. bxc3 b6 11. Qa4 Qd7 12. cxd5 cxd5 13. Bb5 Qb7 14. Qc2 Bd7 15. Bd3 Nc6 16. Nc1 Na5 17. Nb3 Nc4 18. Qe2 Rac8 19. 0-0 Ba3 20. Rab1 Bb5 21. e4 Qd7 22. Nd2 Ba6 23. Nxc4 Bxc4 24. Bxc4 Rxc4 25. Bd2 Bd6 1/2-1/2

[Event "EU-Cup 24th"]
[Site "Kallithea"]
[Date "2008.10.23"]
[Round "7"]
[White "Lehtinen, Heikki"]
[Black "Filipovic, Slobodan J"]
[Result "1-0"]
[WhiteElo "2381"]
[BlackElo "2230"]
[PlyCount "153"]
[EventDate "2008.10.17"]
[EventType "team-swiss"]
[EventRounds "7"]
[EventCountry "GRE"]
[SourceTitle "CBM 127"]
[Source "ChessBase"]
[SourceDate "2008.11.13"]
[SourceVersion "1"]
[SourceVersionDate "2008.11.13"]
[SourceQuality "1"]
[WhiteTeam "Tampere"]
[BlackTeam "Luxembourg Bonnevoie"]
[WhiteTeamCountry "FIN"]
[BlackTeamCountry "LUX"]

1. d4 Nf6 2. Nf3 g6 3. c4 Bg7 4. Nc3 d6 5. e4 0-0 6. Be2 e5 7. Be3 Na6 8. 0-0 h6 9. dxe5 Ng4 10. Bf4 Nxe5 11. Nd4 Nc5 12. Qd2 Kh7 13. f3 a5 14. b3 Bd7 15. Rad1 Re8 16. Be3 Bc6 17. Rfe1 Ned7 18. Bf1 Nf6 19. Nxc6 bxc6 20. Bxc5 dxc5 21. Na4 Qxd2 22. Rxd2 Rad8 23. Red1 Rxd2 24. Rxd2 Bf8 25. g3 Bd6 26. Bh3 Kg7 27. Kf1 Kf8 28. Re2 h5 29. Bg2 g5 30. Bh3 h4 31. gxh4 gxh4 32. Bg4 Nxg4 33. fxg4 f6 34. Kg2 Kg7 35. h3 Kg6 36. Kf3 Be5 37. Rd2 Bd4 38. Rd3 Kg5 39. Rd1 Kg6 40. Rd2 Kg5 41. Rd3 Kg6 42. Nc3 Ra8 43. Ne2 Be5 44. Nf4+ Bxf4 45. Kxf4 a4 46. a3 axb3 47. Rxb3 Ra4 48. Rc3 Ra8 49. e5 fxe5+ 50. Kxe5 Re8+ 51. Kf4 Rf8+ 52. Ke3 Rf1 53. Kd2 Kf6 54. Re3 Rg1 55. Kd3 Rd1+ 56. Kc2 Rg1 57. a4 Rg2+ 58. Kc3 Ra2 59. Kb3 Rg2 60. a5 Rg3 61. Rc3 Ke5 62. a6 Kd4 63. a7 Rxc3+ 64. Kb2 Rxh3 65. a8Q Kxc4 66. Qg8+ Kb4 67. g5 Rg3 68. Qh7 Rg2+ 69. Kc1 c4 70. Qxh4 c5 71. Qf4 c6 72. Kd1 Ra2 73. Qb8+ Kc3 74. g6 Rb2 75. Qg3+ Kb4 76. g7 Rb1+ 77. Kc2 1-0

[Event "EU-Cup 24th"]
[Site "Kallithea"]
[Date "2008.10.21"]
[Round "5"]
[White "Bogut, Zeljko"]
[Black "Lehtinen, Heikki"]
[Result "1/2-1/2"]
[WhiteElo "2464"]
[BlackElo "2381"]
[PlyCount "168"]
[EventDate "2008.10.17"]
[EventType "team-swiss"]
[EventRounds "7"]
[EventCountry "GRE"]
[SourceTitle "CBM 127"]
[Source "ChessBase"]
[SourceDate "2008.11.13"]
[SourceVersion "1"]
[SourceVersionDate "2008.11.13"]
[SourceQuality "1"]
[WhiteTeam "Siroki Brijeg"]
[BlackTeam "Tampere"]
[WhiteTeamCountry "BIH"]
[BlackTeamCountry "FIN"]

1. d4 Nf6 2. Nc3 d5 3. Bg5 Nbd7 4. Nf3 h6 5. Bh4 e6 6. a3 c5 7. e3 Be7 8. Bd3 0-0 9. 0-0 b6 10. Ne5 Nxe5 11. dxe5 Nd7 12. Bxe7 Qxe7 13. f4 Bb7 14. Qh5 f5 15. Nb5 Ba6 16. Nd6 Bxd3 17. cxd3 Kh7 18. Rac1 Nf6 19. Qh4 Qd7 20. d4 c4 21. Nxc4 Ne4 22. Nd6 Nxd6 23. exd6 Qxd6 24. Qf2 Rac8 25. Qe2 Rc7 26. Qa6 Qd7 27. Rxc7 Qxc7 28. h3 Rf7 29. a4 Qc6 30. a5 Rc7 31. axb6 axb6 32. Ra1 Kg6 33. Kh2 Kf6 34. Ra3 Qb7 35. Qe2 Rc1 36. Rb3 Qc7 37. Qb5 Rc6 38. Qa6 g5 39. Qa8 gxf4 40. Qf8+ Kg6 41. exf4 Qxf4+ 42. Rg3+ Kh5 43. Qf6 b5 44. Qe7 Ra6 45. Qb7 Kh4 46. Qe7+ Kh5 47. Qf6 Rc6 48. h4 Rc1 49. Qxe6 Rh1+ 50. Kxh1 Qxg3 51. Qxf5+ Kxh4 52. Qf6+ Qg5 53. Qf3 Qg3 54. Qf6+ Qg5 55. Qd6 Kg4 56. Qe6+ Kf4 57. Kg1 h5 58. Qe2 Kf5 59. Qxb5 Qe3+ 60. Kf1 Qxd4 61. Qe2 Kg6 62. g3 Qc4 63. Kf2 Qc5+ 64. Kf3 Qf8+ 65. Kg2 Qc5 66. Qe6+ Kg5 67. Qe5+ Kg6 68. Kf3 Qc6 69. Ke3 Qc1+ 70. Kd3 Qd1+ 71. Kc3 Qc1+ 72. Kb4 Qc4+ 73. Ka3 Qa6+ 74. Kb4 Qc4+ 75. Ka5 Qc5+ 76. Ka4 Qc6+ 77. Ka5 Qc5+ 78. Ka6 Qc6+ 79. Ka7 Qa4+ 80. Kb6 Qb4+ 81. Kc6 d4 82. Qe4+ Kg5 83. Qf4+ Kg6 84. Qe4+ Kg5 1/2-1/2

[Event "EU-Cup 24th"]
[Site "Kallithea"]
[Date "2008.10.17"]
[Round "1"]
[White "Lehtinen, Heikki"]
[Black "Smirin, Ilia"]
[Result "1-0"]
[WhiteElo "2381"]
[BlackElo "2649"]
[PlyCount "101"]
[EventDate "2008.10.17"]
[EventType "team-swiss"]
[EventRounds "7"]
[EventCountry "GRE"]
[SourceTitle "CBM 127"]
[Source "ChessBase"]
[SourceDate "2008.11.13"]
[SourceVersion "1"]
[SourceVersionDate "2008.11.13"]
[SourceQuality "1"]
[WhiteTeam "Tampere"]
[BlackTeam "Ashdod Illit "]
[WhiteTeamCountry "FIN"]
[BlackTeamCountry "ISR"]

1. d4 Nf6 2. Nf3 g6 3. c4 Bg7 4. Nc3 0-0 5. e4 d6 6. Be2 Nbd7 7. 0-0 e5 8. Be3 Qe7 9. Qc2 c6 10. d5 c5 11. Ne1 Kh8 12. g3 Nb6 13. Ng2 Ng4 14. Bd2 f5 15. exf5 gxf5 16. Rae1 f4 17. gxf4 Rg8 18. Ne4 Bf5 19. Bxg4 Bxg4 20. Ng3 Raf8 21. f3 Bh3 22. fxe5 dxe5 23. Rf2 Nd7 24. Kh1 Rf7 25. Nf4 Qh4 26. Nxh3 Qxh3 27. Rg1 Bh6 28. Bxh6 Qxh6 29. b3 Rf4 30. Ne4 Rxg1+ 31. Kxg1 Rf8 32. Qd2 Qh5 33. Qe2 b6 34. Kh1 Nf6 35. Nxf6 Rxf6 36. Qe3 Qf5 37. Re2 Kg8 38. Qe4 Qh5 39. Qg4+ Qxg4 40. fxg4 Rf4 41. h3 Rd4 42. Rxe5 Rd1+ 43. Kg2 Rd2+ 44. Kf3 Rxa2 45. d6 Kf7 46. d7 Rd2 47. Rd5 Rxd5 48. cxd5 Ke7 49. g5 a5 50. h4 c4 51. Ke4 1-0

[Event "FIN-chT 0708"]
[Site "Finland"]
[Date "2008.02.09"]
[Round "6.4"]
[White "Paakkonen, Timo"]
[Black "Lehtinen, Heikki"]
[Result "0-1"]
[WhiteElo "2261"]
[BlackElo "2366"]
[PlyCount "66"]
[EventDate "2007.09.15"]
[EventType "team-tourn"]
[EventRounds "9"]
[EventCountry "FIN"]
[SourceTitle "EXT 2022"]
[Source "ChessBase"]
[SourceDate "2021.10.06"]
[SourceVersion "1"]
[SourceVersionDate "2021.10.06"]
[SourceQuality "1"]
[WhiteTeam "Helsinki Velhot"]
[BlackTeam "Tampere OpusCapita"]
[WhiteTeamCountry "FIN"]
[BlackTeamCountry "FIN"]

1. e4 g6 2. d4 Bg7 3. Nc3 d6 4. Be3 c6 5. Qd2 b5 6. 0-0-0 Nd7 7. Nf3 Qa5 8. Kb1 Nb6 9. Bd3 Bg4 10. h3 Bxf3 11. gxf3 Rb8 12. f4 b4 13. Ne2 c5 14. Nc1 c4 15. Be2 Nf6 16. f3 0-0 17. Qe1 Rfc8 18. f5 Na4 19. Ka1 Nxb2 20. Kxb2 Qa3+ 21. Kb1 Qxe3 22. fxg6 hxg6 23. Rg1 Qa3 24. Bxc4 Rxc4 25. Rd3 Rc3 26. e5 Rxd3 27. cxd3 Nd5 28. e6 Nc3+ 29. Kc2 Qa4+ 30. Kb2 Qa3+ 31. Kc2 Na4 32. exf7+ Kf8 33. Qe6 Qb2+ 0-1

[Event "Prague op-A 07th"]
[Site "Prague"]
[Date "2008.01.18"]
[Round "9"]
[White "Vokac, Marek"]
[Black "Lehtinen, Heikki"]
[Result "1/2-1/2"]
[WhiteElo "2435"]
[BlackElo "2359"]
[PlyCount "120"]
[EventDate "2008.01.11"]
[EventType "swiss"]
[EventRounds "9"]
[EventCountry "CZE"]
[SourceTitle "CBM 122 Extra"]
[Source "ChessBase"]
[SourceDate "2008.03.04"]
[SourceVersion "1"]
[SourceVersionDate "2008.03.04"]
[SourceQuality "1"]

1. d4 g6 2. e4 Bg7 3. Nf3 d6 4. Nc3 a6 5. Be2 b5 6. 0-0 Nd7 7. a4 b4 8. Nd5 a5 9. c3 e6 10. Ne3 bxc3 11. bxc3 Bb7 12. Qc2 Ne7 13. e5 Nd5 14. Nc4 N5b6 15. Bg5 Qc8 16. Nxb6 Nxb6 17. Rfe1 Nd7 18. Qd2 Rb8 19. Bh6 0-0 20. Bxg7 Kxg7 21. Qf4 Bxf3 22. Bxf3 d5 23. c4 c6 24. Rac1 Qd8 25. cxd5 cxd5 26. Be2 Rb4 27. Bb5 Nb6 28. Rb1 Qe7 29. h4 Rb8 30. Rxb4 axb4 31. Rb1 Nc4 32. Rb3 Na5 33. Rb1 Nc4 34. Rb3 Na3 35. h5 Nxb5 36. Qf6+ Qxf6 37. exf6+ Kxf6 38. Rxb4 gxh5 39. axb5 Ke7 40. Rb3 f6 41. f4 Kd6 42. Kf2 h4 43. Rb1 Rg8 44. Ra1 Rg4 45. Ra6+ Kd7 46. Ra7+ Kc8 47. Kf3 Rg3+ 48. Kf2 Rd3 49. Re7 Rxd4 50. Rxe6 Rxf4+ 51. Ke3 Kd7 52. Ra6 Re4+ 53. Kd3 f5 54. Rh6 Kc7 55. Rc6+ Kb7 56. Rd6 d4 57. Rxd4 Rg4 58. Rd7+ Kb6 59. Rxh7 Kxb5 60. Rh5 Rxg2 1/2-1/2

[Event "Prague op-A 07th"]
[Site "Prague"]
[Date "2008.01.15"]
[Round "5"]
[White "Soural, Jan"]
[Black "Lehtinen, Heikki"]
[Result "1/2-1/2"]
[WhiteElo "2227"]
[BlackElo "2359"]
[PlyCount "67"]
[EventDate "2008.01.11"]
[EventType "swiss"]
[EventRounds "9"]
[EventCountry "CZE"]
[SourceTitle "CBM 122 Extra"]
[Source "ChessBase"]
[SourceDate "2008.03.04"]
[SourceVersion "1"]
[SourceVersionDate "2008.03.04"]
[SourceQuality "1"]

1. d4 g6 2. Nf3 Bg7 3. c4 d6 4. e4 e5 5. Bg5 f6 6. Be3 Nh6 7. dxe5 dxe5 8. Qxd8+ Kxd8 9. Nc3 Ng4 10. Rd1+ Nd7 11. Bc1 c6 12. Be2 Kc7 13. b4 a5 14. a3 axb4 15. axb4 Nb6 16. h3 Nh6 17. c5 Nd7 18. Be3 Nf7 19. Bc4 Nd8 20. Nd2 b6 21. Nb3 bxc5 22. Bxc5 Nb7 23. Be3 Nd6 24. Be6 Rd8 25. 0-0 Ba6 26. Rfe1 Nf8 27. Nc5 Re8 28. Bb3 Reb8 29. Nxa6+ Rxa6 30. Bc5 Nb7 31. Be3 Nd6 32. Bc5 Nb7 33. Be3 Nd6 34. Bc5 1/2-1/2

[Event "Prague op-A 07th"]
[Site "Prague"]
[Date "2008.01.12"]
[Round "2"]
[White "Lehtinen, Heikki"]
[Black "Gschwendtner, Stanislav"]
[Result "1-0"]
[WhiteElo "2359"]
[BlackElo "2121"]
[PlyCount "55"]
[EventDate "2008.01.11"]
[EventType "swiss"]
[EventRounds "9"]
[EventCountry "CZE"]
[SourceTitle "CBM 122 Extra"]
[Source "ChessBase"]
[SourceDate "2008.03.04"]
[SourceVersion "1"]
[SourceVersionDate "2008.03.04"]
[SourceQuality "1"]

1. e4 c5 2. Nf3 d6 3. b3 Nc6 4. Bb2 e5 5. Bc4 Be6 6. Bxe6 fxe6 7. 0-0 Be7 8. c3 Bf6 9. Na3 Nge7 10. d4 exd4 11. cxd4 Ng6 12. Nc4 d5 13. exd5 Qxd5 14. dxc5 0-0-0 15. Bxf6 gxf6 16. Nd6+ Rxd6 17. cxd6 Nf4 18. Qxd5 exd5 19. g3 Rg8 20. Rad1 d4 21. Rfe1 Kd7 22. Nxd4 Ne5 23. Kf1 Nfd3 24. Re2 Rg4 25. f4 Nxf4 26. gxf4 Rxf4+ 27. Rf2 Rh4 28. Nf3 1-0

[Event "EU-Cup 23rd"]
[Site "Kemer"]
[Date "2007.10.09"]
[Round "7.3"]
[White "Lehtinen, Heikki"]
[Black "Drabke, Lorenz Maximilian"]
[Result "0-1"]
[WhiteElo "2366"]
[BlackElo "2411"]
[PlyCount "52"]
[EventDate "2007.10.03"]
[EventType "team-swiss"]
[EventRounds "7"]
[EventCountry "TUR"]
[SourceTitle "CBM 121"]
[Source "ChessBase"]
[SourceDate "2007.11.14"]
[SourceVersion "1"]
[SourceVersionDate "2007.11.14"]
[SourceQuality "1"]
[WhiteTeam "Tampere"]
[BlackTeam "Reichenstein"]
[WhiteTeamCountry "FIN"]
[BlackTeamCountry "SUI"]

1. g3 d5 2. Bg2 Nf6 3. Nf3 c5 4. 0-0 Nc6 5. d4 cxd4 6. Nxd4 Qb6 7. Nb3 e6 8. N1d2 a5 9. a4 Be7 10. c3 e5 11. Nf3 0-0 12. Be3 Qc7 13. Bc5 Bxc5 14. Nxc5 Qb6 15. Nb3 Bf5 16. Nfd2 Rfd8 17. e3 Bd3 18. Re1 Rac8 19. Nc1 Ba6 20. Qb3 Qa7 21. Ne2 Nd7 22. Qa3 Nc5 23. b4 axb4 24. cxb4 Nd3 25. Nc3 Ncxb4 26. Bh3 Nxe1 0-1